[Event "Lund CellaVision Cup"]
[Site "Lund"]
[Date "2019.08.02"]
[Round "1"]
[White "Lindquist, Per"]
[Black "Popilski, Gil"]
[Result "0-1"]
[WhiteElo "1934"]
[BlackElo "2467"]
[PlyCount "58"]
[EventDate "2019.08.02"]
[EventType "swiss"]
[EventRounds "8"]
[EventCountry "SWE"]
[SourceTitle "CBM 191 Extra"]
[Source "ChessBase"]
[SourceDate "2019.09.30"]
[SourceVersion "1"]
[SourceVersionDate "2019.09.30"]
[SourceQuality "1"]

1. d4 Nf6 2. c4 e6 3. g3 Bb4+ 4. Bd2 Be7 5. Bg2 0-0 6. Nf3 c5 7. 0-0 cxd4 8. Nxd4 Nc6 9. Nxc6 bxc6 10. Nc3 d5 11. cxd5 cxd5 12. e4 Ba6 13. Re1 d4 14. Ne2 e5 15. Qa4 Qb6 16. b4 Rfc8 17. Rac1 Bc4 18. Kh1 Ng4 19. Bh3 Nxf2+ 20. Kg2 Nxh3 21. Kxh3 Qb7 22. Ng1 Bd3 23. Rxc8+ Rxc8 24. Nf3 Bxe4 25. Rxe4 Qxe4 26. Qd7 Rf8 27. Qxe7 Qxf3 28. Qxe5 Qf1+ 29. Kh4 Qf2 0-1

[Event "Deltalift op"]
[Site "Tylosand"]
[Date "2019.05.30"]
[Round "1"]
[White "Lindquist, Per"]
[Black "Bellon Lopez, Juan Manuel"]
[Result "0-1"]
[WhiteElo "1922"]
[BlackElo "2345"]
[PlyCount "68"]
[EventDate "2019.05.30"]
[EventType "swiss"]
[EventRounds "8"]
[EventCountry "SWE"]
[SourceTitle "CBM 190 Extra"]
[Source "ChessBase"]
[SourceDate "2019.07.15"]
[SourceVersion "1"]
[SourceVersionDate "2019.07.15"]
[SourceQuality "1"]

1. d4 Nf6 2. c4 a6 3. g3 c5 4. d5 b5 5. cxb5 axb5 6. Bg2 d6 7. e4 g6 8. f4 Bb7 9. Qe2 Nbd7 10. Nf3 Bg7 11. 0-0 0-0 12. Re1 c4 13. Kh1 Nc5 14. Nc3 b4 15. Nb5 Nfxe4 16. Qxc4 Nf2+ 17. Kg1 Nfd3 18. Rd1 Bxb2 19. Be3 Bxa1 20. Rxa1 b3 21. f5 Rxa2 22. Rxa2 bxa2 23. Qxa2 Qa8 24. Qd2 Bxd5 25. Nbd4 e5 26. f6 exd4 27. Nxd4 Bxg2 28. Nf5 Qa1+ 29. Kxg2 Qxf6 30. Nh6+ Kh8 31. Ng4 Qf5 32. Qc3+ f6 33. Bd4 Qxg4 34. Bxf6+ Kg8 0-1